000 01570nam a2200433 a 4500
001 dia_3091
003 CHAP
005 20230926134356.0
007 ta
008 220117s1999 mx abd fr 001 0 spa d
010 _a173590
020 _a84-8322-050-4
040 _cCHAP
_amxchpua
050 _aHD30.28
_b.M56 1999
082 _a658.4
_bM56 1999
_220
100 1 _aMintzberg, Henry
_976020
_eautor
240 1 4 _aThe strategy process.
_lEspañol
245 1 3 _aEl proceso estratégico /
_cHenry Mintzberg, James Brian Quinn y Sumantra Ghoshal ; traductor Eduardo Miño e Isabel Ozores; prologuista Zulima Fernández
260 _aEspaña :
_bPrentice-Hall Iberia,
_c1999
300 _axx, 864 páginas :
_bilustraciones, mapas, gráficas, diagramas, tablas
336 _atexto
_btxt
_2rdacontent
337 _asin medio
_bn
_2rdamedia
338 _avolumen
_bnc
_2rdacarrier
504 _aBibliografía: páginas 825-830
650 1 3 _aPlanificación estratégica
_9154035
650 1 3 _aPlanificación estratégica
_xEstudio de casos
_9154036
650 1 3 _aStrategic planning
_9149286
650 1 3 _aStrategic planning
_xCase studies
_9154037
700 1 _aGhoshal, Sumantra
_9154039
_eautora
700 1 _aMiño, Eduardo
_9154040
_etraductor
700 1 _aOzores, Isabel
_9154041
_etraductora
700 1 _aFernández, Zulima
_9154038
_eprologuista
700 1 _aQuinn, James Brian
_993336
_eautor
901 _a658.4 M56 1999
902 _aM
905 _a5232271999 sp aimn8222223322spa16
942 _2ddc
942 _cLIBRO
999 _c173590
_d173590